PRINCIPLES OF ELECTRONICS (Record no. 9844)

MARC details
000 -LEADER
fixed length control field 00955nam a22001697a 4500
003 - CONTROL NUMBER IDENTIFIER
control field SGT
020 ## - INTERNATIONAL STANDARD BOOK NUMBER
International Standard Book Number 9788121924504
082 ## - DEWEY DECIMAL CLASSIFICATION NUMBER
Classification number 621.381,MEH
100 ## - MAIN ENTRY--PERSONAL NAME
Personal name MEHTA,V.K
245 ## - TITLE STATEMENT
Title PRINCIPLES OF ELECTRONICS
250 ## - EDITION STATEMENT
Edition statement 1ST
260 ## - PUBLICATION, DISTRIBUTION, ETC. (IMPRINT)
Place of publication, distribution, etc NEW DELHI
Name of publisher, distributor, etc S.CHAND
Year of Publication 2016
300 ## - PAGE DESCRIPTION
No. of Pages 778
650 ## - SUBJECT ADDED ENTRY--TOPICAL TERM
Topical term or geographic name as entry element ELECTRONICS, PHYSICS
653 ## - KEYWORDS--INDEX TERM
Keyword term ELECTRON EMISSION,VACUUM TUBES,VACCUM TUBE RECTIFIERS,VACUUM TUBE AMPLIFIERS,GAS-FILLED TUBES, ATOMIC STRUCTURE,SEMICONDUCTOR PHYSICS,SEMICONDUCTOR DIODE,TRANSISTORS,TRANSISTOR BIASING,SINGLE STAGE TRANSISTOR AMPLIFIERS,MULTI STAGE TRANSISTOR AMPLIFIERS,TRANSISTOR AUDIO POWER AMPLIFIERS,AMPLIFIERS WITH NEGATIVE FEEDBACK,SINUSOIDAL OSCILLATORS,TRANSISTOR TUNED AMPLIFIERS,MODULATION AND DEMODULATION,REGULATED D.C. POWER SUPPLY,SOLID STATE SWITCHING CIRCUITS,FIELD EFFECT TRANSISTORS,SILICON CONTROLLED RECTIFIER,ELECTRONIC INSTRUMENTS,INTEGRATED CIRCUITS,HYBRID PARAMETERS,DIGITAL ELECTRONICS
942 ## - ADDED ENTRY ELEMENTS (KOHA)
Source of classification or shelving scheme Dewey Decimal Classification
Koha item type FPS Books
942 ## - ADDED ENTRY ELEMENTS (KOHA)
-- 19
Holdings
Withdrawn status Lost status Source of classification or shelving scheme Damaged status Not for loan Collection code Home library Current library Shelving location Date acquired Vendor Name Cost, normal purchase price SGTU Bill Number Total Checkouts Full call number Accession No. (Barcode) Date last seen Date last borrowed Bill Date Koha item type
    Dewey Decimal Classification     SCIENCE SGT Science & Social Sciences Library SGT Science & Social Sciences Library Text Book 05/09/2016 AHUJA BOOK 595.00 SGTU 7161 30 621.381,MEH PS2394 14/01/2025 14/01/2025 16/08/2016 FPS Books
    Dewey Decimal Classification   Not For Loan SCIENCE SGT Science & Social Sciences Library SGT Science & Social Sciences Library Reference Book 05/09/2016 AHUJA BOOK 595.00 SGTU 7161   621.381,MEH PS2395 05/09/2016   16/08/2016 FPS Books
    Dewey Decimal Classification     SCIENCE SGT Science & Social Sciences Library SGT Science & Social Sciences Library Text Book 05/09/2016 AHUJA BOOK 595.00 SGTU 7161 18 621.381,MEH PS2396 30/11/2023 24/11/2023 16/08/2016 FPS Books
    Dewey Decimal Classification     SCIENCE SGT Science & Social Sciences Library SGT Science & Social Sciences Library Text Book 05/09/2016 AHUJA BOOK 595.00 SGTU 7161 11 621.381,MEH PS2397 05/02/2024 23/08/2023 16/08/2016 FPS Books